000 00302nam a22001337a 4500
008 170526b xxu||||| |||| 00| 0 eng d
020 _a9780072930788
041 _aeng
080 _27TH
_a621
100 _a25
101 _aIM
245 _aVECTOR MECHANICS FOR ENGINEERS
_cBEER,F.P
942 _2udc
_cBK
999 _c14305
_d14305